000 00533nam a22001577a 4500
999 _c535015
_d535015
020 _qHard Cover.
082 _a621.3
100 _aKhan, Saeed Ahmed
245 _aTo Study Load Flow, Short Circuit and Transient Stability Analysis of a wind Power Plant /
_cSaeed Ahmed Khan.
260 _aIslamabad:
_bPNEC NUST,
_c2015.
300 _a66 p. :
_bill. ;
_c30cm.
942 _2ddc
_cTHE
650 _aControl System MS-Thesis.
_929489
700 _aDr. Sajjad Haider Zaidi
_929490